LIBRARY & INFORMATION CENTRE, KCAET, TAVANUR

ONLINE PUBLIC ACCESS CATALOGUE (OPAC)

Kochurasi / (Record no. 11372)

MARC details
000 -LEADER
fixed length control field 00413cam a2200169ua 4500
041 ## - LANGUAGE CODE
Language code of text/sound track or separate title mal
082 ## - DEWEY DECIMAL CLASSIFICATION NUMBER
Classification number 894.812301
Item number RAP/KO
100 ## - MAIN ENTRY--AUTHOR NAME
Personal name Rafi, Ponnikkara .
245 ## - TITLE STATEMENT
Title Kochurasi /
260 ## - PUBLICATION, DISTRIBUTION, ETC. (IMPRINT)
Place of publication Ernamkulam :
Name of publisher Kattookaran book stall ,
Year of publication 1951.
300 ## - PHYSICAL DESCRIPTION
Number of Pages 147 ; .
942 ## - ADDED ENTRY ELEMENTS (KOHA)
Koha item type Books
Holdings
Withdrawn status Lost status Damaged status Home library Current library Date acquired Cost, normal purchase price Full call number Accession Number Koha item type
Withdrawn     KAUAET KAUAET 07/04/2012 1.50 894.812301 313 Books
free website counter